From Forest floor tothe canopy : (Registro nro. 7541)

Detalles MARC
000 -CABECERA
Campo de control 00821nam a22001937a 4500
005 - FECHA Y HORA DE LA ULTIMA TRANSACCION
Campo de control 20160429020002.0
008 - ELEMENTOS DE LONGITUD FIJA—INFORMACION GENERAL
Campo de control 130812b2013 ck ||||| |||| 00| 0 spa d
020 ## - ISBN
ISBN 9789090274027
041 ## - IDIOMA
Código de idioma para texto/pista de sonido o título separado Inglés
044 ## - PAÍS DE PUBLICACIÓN
País de publicación Colombia
082 ## - NUMERO DE CLASIFICACION DECIMAL DEWEY
Número de clasificación 588.0981
Número del ítem B174f
100 1# - ASIENTO PRINCIPAL--NOMBRE PERSONAL
Nombre personal Balcázar-Vargas, María Paula
245 10 - MENCION DE TITULO
Título From Forest floor tothe canopy :
Parte restante del título life history of secondary hemiepiphytes (heteropsis species) in the colombian amazon
Mención de responsabilidad María Paula Balcázar-Vargas
246 ## - FORMA VARIANTE DEL TITULO
Título propiamente dicho/forma breve del título Desde el suelo hasta el dosel del bosque
Parte restante del título la historia de vida de las hemiepífitas secundarias en la amazonía colombiana
260 ## - PUBLICACION, DISTRIBUCION, ETC. (PIE DE IMPRENTA)
Lugar de publicación, distribución, etc. Bogotá
Nombre del editor, distribuidor, etc. GVO drukkers & vormgevers B.V.
Fecha de publicación, distribución, etc. 2013
300 ## - DESCRIPCION FISICA
Extensión 163 p.
Otros detalles físicos il., tablas
Dimensiones 24 cm.
Material acompañante 3 apéndices
650 ## - ASIENTO SECUNDARIO DE MATERIA - TERMINO TEMATICO
Término temático o nombre geográfico como elemento de entrada Hemiepiphytes secondary
Subdivisión geográfica Amazonas (Región, Colombia)
942 ## - ELEMENTOS ADICIONALES (KOHA)
Sistema de clasificación Dewey Decimal Classification
Tipo de ítem Impreso
Koha issues (borrowed), all copies 1
Existencias
Withdrawn status Lost status Sistema de Clasificación Damaged status No para préstamo Colección Inventariado Ubicación Permanente Ubicación actual Fecha de adquisición Fuente de Valor Valor Total Checkouts Número topográfico Inventario / Código de Barras Date last seen Date checked out Ejemplar Price effective from Forma de adquisición Tipo de material
    Dewey Decimal Classification     General Inventariado 2017 Bogotá Bogotá 12/08/2013 Instituto 39000.00 1 LB 588.0981 B174f 058325 28/04/2016 28/04/2016 Ej. 1 12/08/2013   Libro